000 01509cam a22003737a 4500
003 CHAP
005 20220329140700.0
008 971013s1979 r 00010 d
010 _a55957
011 _a56929
035 _a61082
040 _cCHAP
082 _a674.835
_bZ3
100 0 0 _aZamudio Sánchez, Emilio.
_9123568
245 1 3 _aLa industria de los aglomerados de madera
260 _aChapingo, Méx. :
_bUACH. Departamento de Bosques,
_c1979
300 _a67 p.
590 _aBATCH-UPD
_b10
_c20130110
_lUCH01
_h0349
590 _aBATCH-UPD
_b10
_c20130410
_lUCH01
_h0022
590 _aBATCH-UPD
_b10
_c20130914
_lUCH01
_h1739
590 _aCONVERSION
_b10
_c20130109
_lUCH01
_h1330
650 1 4 _aMaderas laminadas.
_969669
901 _aBK
942 _cLIBRO
949 _a674.835 Z3
_bBC
_cLIBRO
_d33724000146247
_eLIBRO
_fc.8
_h47618
_i61082
_si
949 _a674.835 Z3
_bBC
_cLIBRO
_d33724000146361
_eLIBRO
_fc.9
_h47619
_i61082
_si
949 _a674.835 Z3
_bBC
_cLIBRO
_d33724000607586
_eLIBRO
_fc.7
_h47617
_i61082
_si
949 _a674.835 Z3
_bBC
_cLIBRO
_d33724000607594
_eLIBRO
_fc.5
_h47615
_i61082
_si
949 _a674.835 Z3
_bBC
_cLIBRO
_d33724000607602
_eLIBRO
_fc.6
_h47616
_i61082
_si
949 _a674.835 Z3
_bBC
_cLIBRO
_d33724000607610
_eLIBRO
_fc.3
_h47613
_i61082
_si
949 _a674.835 Z3
_bBC
_cLIBRO
_d33724000607628
_eLIBRO
_fc.4
_h47614
_i61082
_si
949 _a674.835 Z3
_bBC
_cLIBRO
_d33724000607636
_eLIBRO
_h47611
_i61082
_si
949 _a674.835 Z3
_bBC
_cLIBRO
_d33724000607644
_eLIBRO
_fc.2
_h47612
_i61082
_si
999 _c55957
_d55957